| 000 | 01766nam a2200409 c 4500 | ||
|---|---|---|---|
| 003 | BLK | ||
| 005 | 20250404112152.0 | ||
| 008 | 180408b bul|||||r ||||||| ||bul|| | ||
| 010 | _aKNG00098818000 | ||
| 020 |
_a978-954-26-0887-5 _bиздат.: Хермес |
||
| 040 | _aBLK | ||
| 041 |
_aBUL _cBUL |
||
| 072 | 7 |
_2bullib _aН15 _xПсихология Н |
|
| 080 |
_aХипноза. Сугестия. - Хипнотизиране, внушение, самовнушение, автосугестия _b159.962 _x(02.062) _z159.962(02.062) |
||
| 080 |
_aЗадгробен живот. Безсмъртие. Вечност. Вж и 237 _b218 _x(02.062) _z218(02.062) |
||
| 100 | 1 |
_aНютън, Майкъл _eпърви автор _9284903 |
|
| 700 |
_aАтанасова-Арнаудова, Валентина Стоянова _d1974- _9373931 |
||
| 139 |
_aНютън, Майкъл _bН 98 |
||
| 245 | 1 | 0 |
_aСпомени от отвъдното _b32 истински истории _cМайкъл Нютън; прев. Валентина Стоянова Атанасова-Арнаудова. |
| 257 | _aUSA | ||
| 260 |
_аПловдив _bХермес _c2010 _fХасково : Полиграфюг |
||
| 300 |
_a407 с. _c20 см |
||
| 380 | _a1 | ||
| 490 | 1 | _aСерия Феникс | |
| 500 | _aОриг. загл. Memories of the Afterlife / Michael Newton | ||
| 650 | 4 |
_aПрераждане _9167653 |
|
| 650 | 4 |
_aХипноза _9176646 |
|
| 653 | _aпрераждане | ||
| 653 | _aпарапсихология | ||
| 659 | _aН | ||
| 852 | _aЦб 250406 | ||
| 856 | 4 |
_qpdf _u |
|
| 856 | 4 |
_qpdf _u |
|
| 942 |
_cKNG _n0 _014 |
||
| 944 |
_aCR _c16.12.2010 _lЦветелина Шанова _k30531 |
||
| 944 |
_aED _c27.07.2011 _lф / _k |
||
| 999 |
_c94000 _d94000 |
||